Načítá se...
Animal Discrimination Learning
| Hlavní autoři: | , |
|---|---|
| Médium: | Printed Book |
| Jazyk: | Undetermined |
| Vydáno: |
Academic press
1969
London |
| Témata: |
| LEADER | 00628nam a2200229Ia 4500 | ||
|---|---|---|---|
| 008 | 141122s9999 xx 000 0 und d | ||
| 040 | |c . | ||
| 041 | |a English | ||
| 082 | |a 153.152 8 | ||
| 082 | |b GIL/AN | ||
| 100 | |a N S Sutherland | ||
| 100 | |a R M Gilbert | ||
| 245 | |a Animal Discrimination Learning | ||
| 245 | |c R M Gilbert | ||
| 260 | |b Academic press | ||
| 260 | |b London | ||
| 260 | |c 1969 | ||
| 300 | |a 501 Pages | ||
| 650 | |a Extension | ||
| 942 | |c BK | ||
| 999 | |c 12829 |d 12829 | ||
| 952 | |0 0 |1 0 |4 0 |6 153_152000000000000_8_GILAN |7 0 |9 12663 |a COVAS |b COVAS |d 0000-00-00 |o 153.152 8 GIL/AN |p 4079 |r 2014-11-26 |w 2014-11-26 |y BK | ||